| 000 | 01458cam a22002653a 4500 | ||
|---|---|---|---|
| 001 | 18557 | ||
| 003 | PGUSA | ||
| 005 | 20140828083408.0 | ||
| 008 | 060611s2006||||xxu|||||s|||||000 | eng d | ||
| 040 |
_aPGUSA _beng |
||
| 042 | _adc | ||
| 050 | 4 | _aE300 | |
| 050 | 4 | _aE456 | |
| 100 | 1 |
_aHillis, Newell Dwight, _d1858-1929 |
|
| 245 | 1 | 4 |
_aThe Battle of Principles : _bA Study of the Heroism and Eloquence of the Anti-Slavery Conflict _h[electronic resource] / _cNewell Dwight Hillis |
| 260 |
_bProject Gutenberg, _c2006 |
||
| 505 | 0 | _aRise of American slavery: growth of the traffic -- Webster and Calhoun: the battle line in array -- Garrison and Phillips: anti-slavery agitation -- Charles Sumner: the appeal to educated men -- Horace Greeley: the appeal to the common people -- Harriet Beecher Stowe; John Brown: the conflict precipitated -- Lincoln and Douglas: influence of the great debate -- Reasons for secession: southern leaders -- Henry Ward Beecher: the appeal to England -- Heroes of battle: American soldiers and sailors -- The life of the people at home who supported the soldiers at the front -- Abraham Lincoln: the martyred President. | |
| 506 | _aPublic domain in the USA. | ||
| 516 | _aElectronic text | ||
| 653 | _aUnited States -- Politics and government -- 1861-1865 | ||
| 653 | _aAntislavery movements -- United States | ||
| 830 | 0 |
_aProject Gutenberg _v18557 |
|
| 856 | 4 | 0 | _uhttp://www.gutenberg.org/ebooks/18557 |
| 942 | _cEB | ||
| 999 |
_c247812 _d247812 |
||